| 000 | 00527nam a22002057a 4500 | ||
|---|---|---|---|
| 003 | OSt | ||
| 005 | 20260326173712.0 | ||
| 008 | 260326b |||||||| |||| 00| 0 eng d | ||
| 020 | _a9783031410253 | ||
| 040 | _cDDC | ||
| 082 | _a512.5 AXL 2024 | ||
| 100 |
_a Axler, Sheldon _91 |
||
| 245 | _aLinear Algebra Done Right | ||
| 250 | _a4th ed. | ||
| 260 | _aUSA; Springer, 2024 | ||
| 300 | _axvii,390p.; Col.Ill: 24cm | ||
| 504 | _aPhotos, symbols, & Index included | ||
| 650 |
_aLinear algebra _93634 |
||
| 942 |
_2ddc _cO_SHELF |
||
| 999 |
_c9612 _d9612 |
||